Environmental physiology of plants by Alastair H Fitter and Robert K M Hay (Record no. 1209374)

MARC details
000 -LEADER
fixed length control field 01129nam a2200313Ia 4500
003 - CONTROL NUMBER IDENTIFIER
control field OSt
005 - DATE AND TIME OF LATEST TRANSACTION
control field 20221007121817.0
008 - FIXED-LENGTH DATA ELEMENTS--GENERAL INFORMATION
fixed length control field 221006b |||||||| |||| 00| 0 eng d
020 ## - INTERNATIONAL STANDARD BOOK NUMBER
International Standard Book Number 0122577663 (pbk)
-- 9.95
037 ## - SOURCE OF ACQUISITION
Terms of availability Textual
040 ## - CATALOGING SOURCE
Original cataloging agency BDL
Transcribing agency BDL
Language of cataloging eng
041 ## - LANGUAGE CODE
Source of code eng
Language code of text/sound track or separate title eng
100 ## - MAIN ENTRY--PERSONAL NAME
Personal name Fitter Alastair H
9 (RLIN) 712975
245 #0 - TITLE STATEMENT
Title Environmental physiology of plants by Alastair H Fitter and Robert K M Hay
Remainder of title Hay Robert K M
250 ## - EDITION STATEMENT
Edition statement Ed 3
260 ## - PUBLICATION, DISTRIBUTION, ETC.
Place of publication, distribution, etc. San
Name of publisher, distributor, etc. Diego Academic Press
Date of publication, distribution, etc. 2002
300 ## - PHYSICAL DESCRIPTION
Extent xii, 367p
Dimensions cm.
500 ## - GENERAL NOTE
General note Bibliographical references 313-345p; Indexes 347-367p; ^n23/CSL/CARB/2002-2003/59^d2002-05-09^mPurchase; ; 2002-03/62^b2002-06-27^c1983^d2002-05-23^eRs.2,215.00^fOverseas Press India Pvt. Ltd.; ; 2003-02-03^bSB^c2003-09-04^dRPS
650 ## - SUBJECT ADDED ENTRY--TOPICAL TERM
Topical term or geographic name entry element Ecology
650 ## - SUBJECT ADDED ENTRY--TOPICAL TERM
Topical term or geographic name entry element Physiology
650 ## - SUBJECT ADDED ENTRY--TOPICAL TERM
Topical term or geographic name entry element Botany
700 ## - ADDED ENTRY--PERSONAL NAME
Personal name Hay Robert K M
9 (RLIN) 712976
942 ## - ADDED ENTRY ELEMENTS (KOHA)
Classification part I:3-5, P2
Koha item type Textual
Source of classification or shelving scheme Colon Classification (CC)
Holdings
Withdrawn status Lost status Source of classification or shelving scheme Damaged status Not for loan Home library Current library Date acquired Source of acquisition Total Checkouts Full call number Barcode Date last seen Price effective from Koha item type
    Colon Classification (CC)     Department of Botany Library Department of Botany Library 2022-10-07 Overseas,   I:3-5 P2 BD0004763 2022-10-07 2022-10-07 Textual
Copyright @ Delhi University Library System